La sociedad anónima : (Registro nro. 25464)

Detalles MARC
000 -Cabecera
Campo de control interno 00719nam a2200229Ia 4500
005 - Fecha y hora del registro
control field 20260428154015.0
008 - Elementos de Longitud Fija
fixed length control field 260414t2016||||xx |||||||||||||| ||spa||
020 ## - ISBN
ISBN 9786123113179
041 ## - Idioma
Codigo Idioma ESP
082 ## - DEWEY y NOTACIÓN INTERNA
Dewey 347.51
Notación Interna H94
100 ## - AUTOR
Autor denominación Hundskopf Exebio, Oswaldo
Término de relación autor
245 #0 - TÍTULO DE MATERIAL BIBLIOGRÁFICO
Título La sociedad anónima :
Título paralelo un enfoque teórico y aplicativo
250 ## - EDICIÓN
Edición Primera edición
260 ## - CIUDAD, EDITORIAL, AÑO
Ciudad Lima :
Nombre de la Editorial Gaceta Jurídica,
Año 2016
300 ## - DESCRIPCIÓN
N° Páginas 406 páginas :
Dimensiones 25 cm.
650 ## - TEMAS
Temas Ciencias Sociales
653 ## - DESCRIPTORES
Lenguajes no controlado Derecho comercial - Perú; Sociedades anónimas - Perú
654 ## - PROGRAMAS
Programa Dpto. de Derecho y Ciencia Política
856 ## - URL - UBICACIÓN
URI/URL: Enlace exacto del recurso <a href="https://itmsp.museknowledge.com/UCSP?groupID=2">https://itmsp.museknowledge.com/UCSP?groupID=2</a>
Nota pública: Versión digital <a href="Véase además: Biblioteca Digital">Véase además: Biblioteca Digital</a>
942 ## - ELEMENTOS DE KOHA
Tipo de documento Libro
Nombre del creador Justo Noguera
Código de catalogador Margarita Torres
Esquema de clasificación Dewey Decimal Classification
Existencias
Codigo completo Registro Colección Copia número Disponibilidad Tipo de préstamo Biblioteca Actual Procedencia (Biblioteca) Ubicacón Fecha Ingreso Tipo de Adquisición Date last seen Total checkouts Price effective from Tipo de Item Estado del Material Fuente de Clasificación Damaged status Withdrawn status Observación
347.51 H94 1058473 Universidad Católica San Pablo 1 Disponible Disponible Víctor Andrés Belaunde Víctor Andrés Belaunde Primer piso 03/06/2026 Compra 06/03/2026   06/03/2026 Libro Bueno Dewey Decimal Classification      
347.51 H94 1043504 Universidad Católica San Pablo 1 Disponible Disponible Víctor Andrés Belaunde Víctor Andrés Belaunde Primer piso 14/04/2026 Suscripción 14/04/2026   14/04/2026 Libro Bueno        
347.51 H94 1088643 Universidad Católica San Pablo 3 No disponible Proceso Víctor Andrés Belaunde Víctor Andrés Belaunde Primer piso 27/04/2026 Donación 27/04/2026   27/04/2026 Libro Bueno Dewey Decimal Classification   Withdrawn Derecho